000
00272nmm a2200097Ia 4500
008
220120s9999||||xx |||||||||||||||||und||
020
_a
81-265-0050-6
100
_a
LFY-OCT-2009
245
0
_a
Open office org.3 for linux and windows, power users , devel
260
_b
New Delhi
999
_c
139420
_d
139420